MDQL
is popping MORE tags! Check the
thread
!
Quizzes
Events
Quiz Creation
Community
Videos
Private Events
Remove Ads
Sign In
Join for FREE
Feedback
Dark Mode
Quiz Categories
Sports
Geography
Music
Movies
Television
Just For Fun
Miscellaneous
History
Literature
Language
Science
Gaming
Entertainment
Religion
Holiday
For Kids
Quiz Lab
Recent
Popular Today
Quiz Kudos Today
Editor Picks
Curator Picks
Quizzes by...
Day
Popularity
Type
Ratings
Length
Year
Community
Subscriptions
Recent Discussions
Orange Saloon
Badges
Playlists
Quests
Create
Leaderboards
Showdown
Live 5
Trivia Bingo
Activity
Puzzle Library
Sporcle Events
Private Events
Virtual Trivia
Globe League
Become a Host
Pub Owners
SporcleCon
Opinionation
Our Games
Videos
Blog
Mobile Apps
Partnerships
Remove Ads and Go Orange
Feedback
Religion
Mythology
Religious Music
World Religions
Bible
Christianity
Catholicism
Judaism
Church
Scripture
Islam
Verse
Religion
Mythology
Religious Music
World Religions
Bible
Christianity
Catholicism
Judaism
Church
Scripture
Islam
Verse
Random Quiz
Search Sporcle
×
Quiz Lab
Quiz Lab
Religion
last
Type in answers that appear in a list
Type in answers that appear in a list
Classic
Best Score? Go Orange.
Isaiah last Stats
Can you name the Isaiah last?
By
gursky1989
10m
80 Questions
2 Plays
2 Plays
2 Plays
Comments
Comments
Give Quiz Kudos
Give Quiz Kudos
-
- Ratings
hide this ad
Forced Order
Answers have to be entered in order
Answers have to be entered in order
Replay
Link that replays current quiz
Next Quiz
Link to next quiz in quiz playlist
You Got
0%
They Got
Avg Score
28%
Avg Friend Score
Upgrade to see
Score Distribution
Jump to the score distribution portion of the page
Score
0/80
Timer
10:00
0
Plays Today
% Correct
As
100%
a
100%
result
100%
of
100%
the
100%
anguish
100%
of
100%
His
100%
soul
100%
He
100%
will
100%
see
50%
it
50%
and
50%
satisfied
50%
be
50%
by
50%
His
50%
knowledge
50%
the
50%
righteous
50%
One
50%
My
50%
servant
50%
will
50%
justify
50%
the
50%
many
50%
as
50%
he
50%
will
50%
bear
50%
their
50%
iniquities
50%
therefore
50%
i
0%
will
0%
allot
0%
him
0%
a
0%
% Correct
portion
0%
the
0%
with
0%
great
0%
and
0%
he
0%
will
0%
divide
0%
the
0%
booty
0%
with
0%
the
0%
strong
0%
because
0%
he
0%
poured
0%
out
0%
himself
0%
to
0%
death
0%
and
0%
was
0%
numbered
0%
with
0%
the
0%
transgressors
0%
yet
0%
he
0%
himself
0%
bore
0%
the
0%
sin
0%
of
0%
many
0%
and
0%
interceded
0%
for
0%
the
0%
transgressors
0%
0%
Quiz Playlist
Details
Report
Send in Message
Add To Playlist
Classic:
Type in answers that appear in a list
Forced Order:
Answers have to be entered in order
Last Updated: Feb 16, 2017
Quiz Scoreboard
CHALLENGE
Sign Up to Join the Scoreboard
Show All
Scores
Hide
Comments
May contain spoilers
Recently Published
Two Season TV Shows II
by 123Four
Television
10m
Image Sorting: Flags VI
by Barbecue
Geography
2m
Find the 'City' Movie
by crazypaving
Movies
60s
More to Explore
Quiz From the Vault
Featured Blog Post
14 Easter Pick-up Lines to Find Eggs With
hide this ad
You Might Also Like...
Tags
last
Today's Top Quizzes in Religion
Browse Religion
hide this ad
Today's Top Quizzes in last
Browse last
Top Contributed Quizzes in Religion
1
Christmas Pick: Judaism
2
Mini Trivia Sudoku: Mythology
3
99 names of Allah
4
Religions Spelling Bee
5
Christmas Pick: Islam
6
Christmas Pick: World Religions
7
Artistic Maundy Thursday
8
Longevity in the Bible
9
5-to-1: Children of Gods
10
After Easter on Stained-glass Windows
Explore More
Trending Topics
Crossword
Harry Potter
Disney
Kpop
NBA
Marvel
Anime
Song
NFL
Soccer
WWE
Country
The Office
Puzzle
Pokémon
hide this ad
More By:
gursky1989
Quiz
Plays
Rating
Category
Featured
Created
New York Mets Grab Bag
267
4.50
Sports
May 6, 2011
Psalm 1
49
1.00
Religion
Nov 28, 2011
Isaiah 53
19
Religion
Nov 21, 2011
Isaiah 53, part 2
7
Religion
Nov 21, 2011
Isaiah last
2
Religion
Nov 21, 2011
Go to Creator's Profile
Score Distribution
Quiz Creator Spotlight
gursky1989
Follow
Send a Message
Quizzes Created
-
Created Quiz Play Count
-
More By This Creator
Popular Quizzes Today
1
Find the US States - No Outlines Minefield
2
Colored Red Africa Blitz
3
Find the 'City' Movie
4
5x2 Blitz: Bands
5
The Countries of the World
6
Find the Countries of Europe - No Outlines Minefield
7
Find the US States
8
US States
More Religion Quizzes
Gods in Art
Published
Trending Quizzes
Colored Red Europe Blitz I
Colored Red Africa Blitz II
Colored Red Europe Blitz II
Colored Red Africa Blitz III
Colored Red Europe Blitz III
Recently Updated
How Do You Spell That?
pecheneg
Godzilla Movies
pecheneg
Grab Bag: 4-10 Letters
pecheneg
2024 March Madness Bracket
pecheneg
Famous TV Couples
Peacemaker
Champions League XIs: Real Madrid
pecheneg
Largest US Cities 1790-2010
pecheneg
Rides in Walt Disney World
pecheneg
Most Oscar Losses (Acting)
pecheneg
Beyoncé Albums
pecheneg
Trending Topics
NBA
Kpop
Disney
Marvel
Crossword
Harry Potter
Anime
Country
The Office
Soccer
NFL
Pokémon
Puzzle
WWE
Song
Your Account Isn't Verified!
In order to create a playlist on Sporcle, you need to verify the email address you used during registration. Go to your
Sporcle Settings
to finish the process.
Report this User
Report this user for behavior that violates our
Community Guidelines
.
Details:
Send Report
Go to the Sporcle.com Mobile Site →
Comments